[Event "Wch U14 Girls"]
[Site "Mamaia"]
[Date "2022.09.15"]
[Round "10"]
[White "Nurgaliyeva, Zarina"]
[Black "Vasiljeva, Sofja"]
[Result "1-0"]
[WhiteElo "2088"]
[BlackElo "1681"]
[PlyCount "79"]
[EventDate "2022.09.06"]
[EventType "swiss"]
[EventRounds "11"]
[EventCountry "ROU"]
[SourceTitle "CBM 210 Extra"]
[Source "ChessBase"]
[SourceDate "2022.11.30"]
[SourceVersion "1"]
[SourceVersionDate "2022.11.30"]
[SourceQuality "1"]

1. e4 e5 2. Nf3 Nc6 3. Nc3 Nf6 4. Bb5 Bb4 5. 0-0 0-0 6. Bxc6 dxc6 7. d3 Re8 8. h3 h6 9. Nh2 Be6 10. f4 Qd4+ 11. Kh1 exf4 12. Bxf4 Bxc3 13. Nf3 Qb6 14. bxc3 Rad8 15. Qe1 Bc8 16. Qh4 c5 17. Nd2 Nh7 18. Nc4 Qc6 19. Qg3 Re7 20. Ne3 Qg6 21. Qxg6 fxg6 22. Nd5 Rf7 23. Bxc7 Rdd7 24. Rxf7 Rxf7 25. Bd6 Be6 26. Ne7+ Kf8 27. Nxg6+ Ke8 28. Bxc5 Rc7 29. Bd4 Ng5 30. Nf4 Bg8 31. c4 a6 32. a4 Bh7 33. Kg1 Kf7 34. Rf1 Kg8 35. h4 Nxe4 36. dxe4 Rxc4 37. c3 Bxe4 38. Ne6 Rc6 39. Rf8+ Kh7 40. Re8 1-0

[Event "Wch U14 Girls"]
[Site "Mamaia"]
[Date "2022.09.11"]
[Round "6"]
[White "Vasiljeva, Sofja"]
[Black "Shvedova, Alexandra"]
[Result "1/2-1/2"]
[WhiteElo "1681"]
[BlackElo "2145"]
[PlyCount "121"]
[EventDate "2022.09.06"]
[EventType "swiss"]
[EventRounds "11"]
[EventCountry "ROU"]
[SourceTitle "CBM 210 Extra"]
[Source "ChessBase"]
[SourceDate "2022.11.30"]
[SourceVersion "1"]
[SourceVersionDate "2022.11.30"]
[SourceQuality "1"]

1. e4 c5 2. Nf3 d6 3. Bb5+ Nd7 4. 0-0 a6 5. Bxd7+ Bxd7 6. d4 cxd4 7. Qxd4 e5 8. Qd3 Rc8 9. Rd1 h6 10. a4 Nf6 11. c4 Qc7 12. b3 b5 13. axb5 axb5 14. Na3 Qb7 15. Nd2 b4 16. Nc2 Be7 17. f3 0-0 18. Nf1 Nh5 19. Bd2 Nf4 20. Bxf4 exf4 21. e5 Rc6 22. Ra2 Rd8 23. Nd4 Rcc8 24. exd6 Bxd6 25. Kh1 Bc5 26. Ne2 Qc7 27. Rad2 Re8 28. Nxf4 Bc6 29. Nd5 Qe5 30. Ng3 Rcd8 31. Re2 Qb8 32. Ne4 Bf8 33. g4 Rxd5 34. cxd5 Bb5 35. Qd2 Bxe2 36. Qxe2 Qe5 37. Qd2 f5 38. gxf5 Qxf5 39. Qd3 Kh8 40. Ng3 Qd7 41. Kg2 Bd6 42. Rd2 Rc8 43. Qf5 Qc7 44. Ne4 Rf8 45. Qe6 Bf4 46. d6 Qd8 47. Rc2 Qh4 48. Ng3 Bxg3 49. hxg3 Qh5 50. Qe4 Qb5 51. Rd2 Qg5 52. Qd3 h5 53. Qd5 Rf5 54. Qd4 Rf8 55. d7 Rd8 56. Re2 Qg6 57. Kh2 Qc6 58. Rd2 Qxf3 59. Qh4 Rxd7 60. Rxd7 Qf2+ 61. Kh1 1/2-1/2

[Event "Panevezys op-B"]
[Site "Panevezys"]
[Date "2021.07.30"]
[Round "1"]
[White "Viskelis, Steponas"]
[Black "Vasiljeva, Sofja"]
[Result "1-0"]
[WhiteElo "1827"]
[BlackElo "1311"]
[PlyCount "105"]
[EventDate "2021.07.30"]
[EventType "swiss"]
[EventRounds "7"]
[EventCountry "LTU"]
[SourceTitle "EXT 2022"]
[Source "ChessBase"]
[SourceDate "2021.10.06"]
[SourceVersion "1"]
[SourceVersionDate "2021.10.06"]
[SourceQuality "1"]

1. c4 e6 2. Nc3 d5 3. d4 c5 4. cxd5 exd5 5. Nf3 Nc6 6. e3 Nf6 7. Be2 Bd6 8. 0-0 0-0 9. b3 Bf5 10. Nb5 Be7 11. dxc5 Bxc5 12. Bb2 Be6 13. Rc1 Be7 14. Nbd4 Nxd4 15. Nxd4 Rc8 16. Bf3 Qd7 17. Qd3 Rfd8 18. Rfd1 a6 19. Nxe6 fxe6 20. h3 Rc6 21. Rxc6 Qxc6 22. Rc1 Qd7 23. Qc2 g6 24. Qc7 Kf7 25. g4 Ne8 26. Qf4+ Kg8 27. g5 Bf8 28. Bg4 Qf7 29. Qxf7+ Kxf7 30. Kf1 Bd6 31. f3 Nc7 32. Bf6 Re8 33. e4 Bf4 34. Rc2 h5 35. e5 Na8 36. Ke2 hxg4 37. fxg4 Bg3 38. h4 Kg8 39. Kf3 Be1 40. h5 Rf8 41. hxg6 Nb6 42. Rh2 Rxf6+ 43. gxf6 Nd7 44. Ke2 Bg3 45. Rh7 Bxe5 46. Rxd7 Bxf6 47. Rxb7 a5 48. Rb6 Kg7 49. Rxe6 Bc3 50. Kd3 d4 51. Rd6 Bb2 52. Rxd4 Kxg6 53. Ra4 1-0

[Event "Wch FIDE Online U12 Girls Europe qual"]
[Site "Tornelo INT"]
[Date "2020.12.07"]
[Round "2"]
[White "Vasiljeva, Sofja"]
[Black "Toth, Lili1111"]
[Result "1-0"]
[WhiteElo "1472"]
[BlackElo "1286"]
[PlyCount "89"]
[EventDate "2020.12.07"]
[EventType "swiss (rapid)"]
[EventRounds "7"]
[EventCountry "ISS"]
[SourceTitle "EXT 2022"]
[Source "ChessBase"]
[SourceDate "2021.10.06"]
[SourceVersion "1"]
[SourceVersionDate "2021.10.06"]
[SourceQuality "1"]

1. e4 e5 2. Nf3 Nc6 3. Bb5 a6 4. Ba4 Nf6 5. 0-0 Be7 6. Re1 b5 7. Bb3 d6 8. c3 0-0 9. d4 Bb7 10. Nbd2 Re8 11. Nf1 Bf8 12. Ng3 h6 13. a4 b4 14. h3 a5 15. d5 Nb8 16. Nf5 Nbd7 17. Be3 Nxe4 18. Bxh6 Nxf2 19. Kxf2 gxh6 20. Re4 Qf6 21. Rg4+ Kh8 22. N3h4 Nc5 23. Bc2 Bc8 24. Kg1 e4 25. Rf4 Qe5 26. Qg4 Bxf5 27. Rxf5 Qg7 28. Qf4 Re7 29. Rf1 b3 30. Bb1 Nd3 31. Bxd3 exd3 32. Rh5 Re5 33. Nf5 Qg6 34. g4 Rae8 35. Rh4 Bg7 36. Nxh6 Bxh6 37. Rxh6+ Qxh6 38. Qxh6+ Kg8 39. Qf6 R8e7 40. g5 d2 41. g6 Re1 42. gxf7+ Rxf7 43. Qxf7+ Kh8 44. Qh5+ Kg8 45. Qg5+ 1-0